Les 7 nains de Blanche-Neige en 15 secondes đŸ‡«đŸ‡· - Statistiques

Statistiques générales
  • Ce quiz a Ă©tĂ© pris 316 fois
  • Le rĂ©sultat moyen est 5 sur 7
Statistiques - réponses
Nom du nain % Correct
Prof
84%
Grincheux
79%
Simplet
74%
Atchoum
70%
Dormeur
64%
Timide
60%
Joyeux
51%
Aucun quiz correspondant
Distribution des résultats
% des personnes avec chaque résultat
Percentile par nombre de réponses
Votre historique - résultats
Vous n’avez pas pris ce quiz